| 000 | 00000nam##2200000za#4500 |
| 001 | 9.573862 |
| 003 | CaOODSP |
| 005 | 20210624183914 |
| 007 | cr ||||||||||| |
| 008 | 150406|1995||||xxc|||||o f|0| 0 eng|d |
| 022 | |a1488-5379 |
| 040 | |aCaOODSP|beng |
| 043 | |an-cn--- |
| 086 | 1 |aFs97-6/2048E-PDF |
| 110 | 1 |aCanada. |bDepartment of Fisheries and Oceans. |
| 245 | 10|aRelationship between the weight of processed and completely unprocessed northern shrimp (Pandalus borealis) / |h[electronic resource]|cby J.R. Botta and D.W. Kulka. |
| 260 | |aSt. John's - Newfoundland and Labrador : |bFisheries and Oceans Canada |cJune 1995. |
| 300 | |a38p.|bfigs., references, tables |
| 490 | 1 |aCanadian technical report of fisheries and aquatic sciences|x1488-5379|vNo. 2048 |
| 500 | |aThe catalogue number (Fs97-6/2048E) and ISSN (0706-6457) for the print edition have been incorrectly copied in this electronic publication. |
| 546 | |a(Résumé en français) |
| 590 | |a12-23-Supp|b2012-05-28 |
| 720 | 1 |aKulka, D. W. |
| 720 | 1 |aBotta, J. R. |
| 776 | 0#|tRelationship between the weight of processed and completely unprocessed northern shrimp (Pandalus borealis) / |w(CaOODSP)9.612578 |
| 830 | #0|aCanadian technical report of fisheries and aquatic sciences,|x1488-5379|vNo. 2048|w(CaOODSP)9.504449 |
| 856 | 40|ahttp://publications.gc.ca|qPDF|s3.39 MB|uhttps://publications.gc.ca/collections/collection_2012/mpo-dfo/Fs97-6-2048-eng.pdf|yNo. 2048 |